000 nam a22 7a 4500
999 _c127584
_d127584
008 180308b xxu||||| |||| 00| 0 eng d
020 _a9789994494620
050 _aLA1515.B574 2016
100 _aBezabeth, Bereket
_940367
245 _aCivic and ethics studies for higher education in Ethiopia
_cBereket Bezabeth
260 _aEthiopia
_bCenter for policy and development research
_c2016
300 _a262p. ;
_c23cm.
650 _aEthiopia
_xEducation
_940368
650 _aEthiopia
_xPolitics
_940369
942 _2lcc
_cMONOGRAPH